A Textbook Psychiatric Nursing / (Record no. 1335)
[ view plain ]
| 000 -LEADER | |
|---|---|
| Fixed length control field | 00564nam a2200217Ia 4500 |
| 003 - CONTROL NUMBER IDENTIFIER | |
| Control field | IIN |
| 005 - DATE AND TIME OF LATEST TRANSACTION | |
| Control field | 20240206130903.0 |
| 008 - FIXED-LENGTH DATA ELEMENTS--GENERAL INFORMATION | |
| Fixed length control field | 231217s9999 xx 000 0 und d |
| 020 ## - INTERNATIONAL STANDARD BOOK NUMBER / ISBN | |
| Price | Rs.300.00 |
| International Standard Book Number | 9788192406015 (pbk) |
| 040 ## - CATALOGING SOURCE | |
| Original cataloging agency | IIN |
| Language of cataloging | English |
| 082 ## - DEWEY DECIMAL CLASSIFICATION NUMBER | |
| Classification number | 616.890231 |
| Book Number | KAP |
| 100 10 - MAIN ENTRY--PERSONAL NAME | |
| Personal name | Kapoor, Bimla |
| 245 #2 - TITLE STATEMENT | |
| Title | A Textbook Psychiatric Nursing / |
| Statement of responsibility | Bimla Kapoor |
| 250 ## - EDITION STATEMENT | |
| Edition statement | 3rd ed |
| 260 ## - IMPRINT | |
| Place of publication | Delhi : |
| Name of publisher | Kumar Pub, |
| Date of publication | 2010 |
| 300 ## - PHYSICAL DESCRIPTION | |
| Page / Vol. No | [5].6-182p. |
| 440 ## - SERIES STATEMENT | |
| Number | Vol.1 |
| 650 1# - SUBJECT ADDED ENTRY--TOPICAL TERM | |
| Topical term | Mental Health |
| Form subdivision | Nursing |
| 650 1# - SUBJECT ADDED ENTRY--TOPICAL TERM | |
| Topical term | Psychiatric Nursing |
| 942 ## - ADDED ENTRY ELEMENTS (KOHA) | |
| Koha item type | Books |
| Withdrawn status | Lost status | Damaged status | Not for loan | Collection code | Home library | Current library | Date acquired | Price | Total Checkouts | Call number | Accession number | Date last seen | Copy number | Price effective from | Koha item type | Source of classification |
|---|---|---|---|---|---|---|---|---|---|---|---|---|---|---|---|---|
| IDEAL INSTITUTE OF NURSING | IDEAL INSTITUTE OF NURSING | 17/12/2023 | 300.00 | 616.890231 KAP | 1329 | 17/12/2023 | Vol.1 | 17/12/2023 | Books | |||||||
| IDEAL INSTITUTE OF NURSING | IDEAL INSTITUTE OF NURSING | 17/12/2023 | 300.00 | 616.890231 KAP | 1330 | 17/12/2023 | Vol.1 | 17/12/2023 | Books | |||||||
| IDEAL INSTITUTE OF NURSING | IDEAL INSTITUTE OF NURSING | 17/12/2023 | 300.00 | 616.890231 KAP | 1331 | 17/12/2023 | Vol.1 | 17/12/2023 | Books | |||||||
| IDEAL INSTITUTE OF NURSING | IDEAL INSTITUTE OF NURSING | 15/06/2024 | 616.890231 KAP | 1696 | 15/06/2024 | 15/06/2024 | Books | Dewey Decimal Classification | ||||||||
| IDEAL INSTITUTE OF NURSING | IDEAL INSTITUTE OF NURSING | 15/06/2024 | 616.890231 KAP | 1697 | 15/06/2024 | 15/06/2024 | Books | Dewey Decimal Classification | ||||||||
| IDEAL INSTITUTE OF NURSING | IDEAL INSTITUTE OF NURSING | 15/06/2024 | 616.890231 KAP | 1698 | 15/06/2024 | 15/06/2024 | Books | Dewey Decimal Classification |
